|
|
|
|
| LEADER |
00839cam a2200253 a 4500 |
| 020 |
|
|
|a 9780415410960 (: hbk)
|
| 020 |
|
|
|a 0415410967
|
| 020 |
|
|
|a 9780415410953 (: pbk)
|
| 020 |
|
|
|a 0415410959
|
| 082 |
0 |
0 |
|a 956.042
|b ISR
|
| 245 |
0 |
4 |
|a The Israel/Palestine question :
|
| 250 |
|
|
|a 2nd ed.
|
| 260 |
|
|
|a London ;
|a New York :
|b Routledge,
|c 2007.
|
| 300 |
|
|
|a viii, 292 p. :
|b maps ;
|
| 500 |
|
|
|a First ed. publisehd: 1999.
|
| 500 |
|
|
|a Includes new material not found in the 1st ed.
|
| 650 |
|
0 |
|a Jewish-Arab relations
|
| 650 |
|
0 |
|a Israel-Arab War, 1948-1949
|
| 650 |
|
0 |
|a Palestinian Arabs
|
| 650 |
|
0 |
|a Women, Palestinian Arab
|
| 700 |
1 |
|
|a Pappé, Ilan.
|
| 942 |
|
|
|c BK
|
| 999 |
|
|
|c 31922
|d 31922
|
| 952 |
|
|
|0 0
|1 0
|4 0
|6 956_042000000000000_ISR
|7 0
|8 Stack
|9 33807
|a KUCL
|b KUCL
|c Stack
|d 2015-04-25
|l 0
|o 956.042 ISR
|p 32845
|r 2015-04-25
|w 2015-04-25
|y BK
|